ZJEDNOTENÝ KÓDEX SPRÁVY A RIADENIA SPOLOČNOSTÍ VYCHÁDZAJÚCI Z PRINCÍPOV OECD

Bibliographic Details
Format: Article
Language:Slovak

MARC

LEADER 00000nab a2200000uu 4500
001 vtls011126579
003 SK-MaSNL
005 20260227133913.0
008 250310|2002 xo |||||||||||||||||slo|
015 |a SNBRB 
035 |a (uuid)4d075716-af90-412f-8c5b-fc39586ca8a9 
035 |a (urnnbn)urn:nbn:sk:snk:ar-a09f2j 
035 |a urn:nbn:sk:snk-aba3ur 
040 |a SNKBUCL  |b slo  |c SNKBUCL  |e AACR2 
041 0 |a slo 
044 |a xo  |c SK 
245 0 0 |a ZJEDNOTENÝ KÓDEX SPRÁVY A RIADENIA SPOLOČNOSTÍ VYCHÁDZAJÚCI Z PRINCÍPOV OECD 
773 0 |t Finančný manažér : štvrťročník Slovenskej asociácie podnikových finančníkov  |g Roč. 3, č. 3-4 (2002), s. 36-40 
958 |a OND 
958 |a EUIPO 
958 |a article13 
999 |c 2632272  |d 2634202